The housebuilding industry (Record no. 120848)

MARC details
000 -LEADER
fixed length control field 01313cad a22002295a 4500
001 - CONTROL NUMBER
control field L149719
008 - FIXED-LENGTH DATA ELEMENTS--GENERAL INFORMATION
fixed length control field 100414u2010 xxk g 000 0 eng d
020 ## - INTERNATIONAL STANDARD BOOK NUMBER
International Standard Book Number 9781409823773
035 ## - SYSTEM CONTROL NUMBER
System control number (Sirsi) u149719
041 0# - LANGUAGE CODE
Language code of text/sound track or separate title eng
050 ## - LIBRARY OF CONGRESS CALL NUMBER
Classification number 690.025 $2 18
100 ## - MAIN ENTRY--PERSONAL NAME
Personal name Ball, Michael
110 2# - MAIN ENTRY--CORPORATE NAME
Corporate name or jurisdiction name as entry element United Kingdom
Subordinate unit Department for Communities and Local Government
9 (RLIN) 4939
245 04 - TITLE STATEMENT
Title The housebuilding industry
Remainder of title promoting recovery in housing supply
Medium [electronic resource]
260 ## - PUBLICATION, DISTRIBUTION, ETC.
Place of publication, distribution, etc. London
Name of publisher, distributor, etc. DCLG
Date of publication, distribution, etc. 2010
520 ## - SUMMARY, ETC.
Summary, etc. Examines the issues driving housing growth and considers how government or industry could improve diversity and innovation; housing supply in England; the challenges faced by the housebuilding industry; suggested actions; housebuilders who participated in surveys and focus groups for the report give their views of constraints that prevent them responding to recovery; analysis of housing supply in recent years; housing supply policy; all stages and types of housebuilding; impact of regulations; planning; sustainability; finance; forecasts; tables.
590 ## - LOCAL NOTE (RLIN)
Local note KA NTK
651 #4 - SUBJECT ADDED ENTRY--GEOGRAPHIC NAME
Geographic name England
Chronological subdivision 886-
690 ## - LOCAL SUBJECT ADDED ENTRY--TOPICAL TERM (OCLC, RLIN)
Topical term or geographic name as entry element BUILT ENVIRONMENT
856 40 - ELECTRONIC LOCATION AND ACCESS
Uniform Resource Identifier <a href="https://www.communities.gov.uk/documents/housing/pdf/1526670.pdf">https://www.communities.gov.uk/documents/housing/pdf/1526670.pdf</a>
Public note View the website free of charge at www.communities.gov.uk
942 ## - ADDED ENTRY ELEMENTS (KOHA)
Suppress in OPAC 0
Holdings
Withdrawn status Lost status Source of classification or shelving scheme Damaged status Not for loan Home library Current library Shelving location Date acquired Total Checkouts Full call number Barcode Date last seen Copy number Price effective from Koha item type
    Dewey Decimal Classification     Virtual Virtual Online 14/04/2010   ONLINE PUBLICATION 149719-1001 06/08/2019 1 06/08/2019 Online material